[Event "USA-ch"]
[Site "Saint Louis"]
[Date "2010.05.15"]
[Round "2"]
[White "Khachiyan, Melikset"]
[Black "Kamsky, Gata"]
[Result "0-1"]
[WhiteElo "2539"]
[BlackElo "2702"]
[PlyCount "75"]
[EventDate "2010.05.14"]
[EventType "swiss"]
[EventRounds "9"]
[EventCountry "USA"]
[SourceTitle "CBM 137"]
[Source "ChessBase"]
[SourceDate "2010.07.15"]
[SourceVersion "1"]
[SourceVersionDate "2010.07.15"]
[SourceQuality "1"]

1. c4 Nf6 2. Nc3 g6 3. d4 Bg7 4. e4 d6 5. Nf3 O-O 6. Be2 e5 7. O-O Na6 8. Re1
Qe8 9. Bf1 Bg4 10. d5 Nb4 11. Qb3 a5 12. a3 Na6 13. Qxb7 Qe7 14. Qb3 Bxf3 15.
gxf3 Nc5 16. Qc2 a4 17. Bg5 Rfb8 18. Bh3 Qf8 19. Nb5 Rb7 20. f4 h6 21. Bxf6
Bxf6 22. f5 h5 23. Re3 Kh7 24. fxg6+ fxg6 25. Rf3 Qh6 26. Kh1 Rf8 27. Rg1 Bh4
28. Qe2 Rbb8 29. Rfg3 Bxg3 30. hxg3 Rf7 31. Kg2 Rbf8 32. Rf1 Nb3 33. Be6 Rf6
34. Nxc7 Nd2 35. Re1 Rxf2+ 36. Qxf2 Rxf2+ 37. Kxf2 Qf8+ 38. Ke3 0-1

[Event "USA-ch"]
[Site "Saint Louis"]
[Date "2010.05.16"]
[Round "3"]
[White "Kamsky, Gata"]
[Black "Nakamura, Hikaru"]
[Result "1/2-1/2"]
[WhiteElo "2702"]
[BlackElo "2733"]
[Annotator "Yermolinsky,A"]
[PlyCount "74"]
[EventDate "2010.05.14"]
[EventType "swiss"]
[EventRounds "9"]
[EventCountry "USA"]
[SourceTitle "CBM 137"]
[Source "ChessBase"]
[SourceDate "2010.07.15"]
[SourceVersion "1"]
[SourceVersionDate "2010.07.15"]
[SourceQuality "1"]

{The main pre-tournament favourites faced each other in round three.} 1. d4 Nf6
2. c4 g6 3. Nc3 Bg7 {By calling on his old favourite, the King's Indian
Defence, Hikaru had recently scored impressive victories over Beliavsky and
Gelfand.} 4. e4 d6 5. Nf3 O-O 6. Be2 e5 7. O-O Nc6 8. d5 Ne7 9. b4 Ne8 10. a4 {
True to his style Gata avoids a pitched theoretical battle.} ({He wanted to
vary from} 10. c5 f5 11. Nd2 Nf6 12. f3 f4 13. Nc4 g5 14. a4 Ng6 15. Ba3 Rf7
16. b5 (16. a5 h5 17. b5 dxc5 18. b6 {Beliavsky-Nakamura, 3rd NH Tournament,
2009.}) 16... dxc5 17. Bxc5 h5 18. a5 g4 19. b6 g3 20. Kh1 Bf8 {
Gelfand-Nakamura, World team Ch, 2010.}) 10... f5 11. a5 Nf6 12. Bg5 {This has
already been played by many strong players. White intends to give Black a
fight in the centre, rather than concede the space Black needs for his
kingside attack.} Nh5 (12... Kh8 13. Rc1 Neg8 {is a typical idea in the KID,
but in the game Grischuk-Khalifman, Ordix Open (rapid), 2009 White found a way
to combat it. There followed} 14. exf5 gxf5 15. c5 h6 16. Bh4 $1 {and here the
former FIDE World Champion encountered some problems. As the game went, first
he had to lose time to move his knight to g6 to break the annoying pin,} Ne7
17. Nb5 Ng6 18. Bxf6 Rxf6 19. cxd6 cxd6 20. Nc7 Rb8 21. g3 {and then bring it
back to cover the e6-square,} Nf8 {After} 22. Rc4 Bd7 23. Qc2 Rf7 24. Nh4 {
White was clearly better, despite the absence of his dark-squared bishop.}) 13.
Nd2 {The first independent move.} ({Ivanchuk-Radjabov, Corus, 2009 saw} 13.
exf5 gxf5 {and here White could try the Grischuk plan,} 14. Rc1 ({Ivanchuk
chose the restrictive approach,} 14. Qd2 Nf6 15. c5 Bd7 16. b5 Be8 17. c6 b6
18. Nh4 Bf7 19. Bd3 Bg6 20. f3 {and kept his advantage throughout the game
until blundering in time trouble.}) 14... h6 15. Bh4 {which in this case might
be countered by} Nf4 16. c5 Nfg6 17. Nb5 e4 18. Bxe7 Qxe7 19. Nfd4 Nf4 {
with great complications.}) 13... Nf4 14. c5 h6 15. Bxf4 exf4 16. Rc1 {This
position is reminiscent of the old lines of the Bayonet Attack with 9...Nh5 10.
c5, which were popular until Karpov introduced the 10.Re1 idea in the
mid-1990s. White is feeling the effects of parting with the dark-squared
bishop, but he's safe from standard kingside attacks and hopes to translate
his spatial gains on the queenside into something meaningful.} fxe4 {Hikaru
chooses the most direct method of getting his Ne7 into the game.} ({The
alternative,} 16... a6 17. Re1 g5 {might be a dead end if White plays} 18. Bh5)
17. Ndxe4 Nf5 18. Re1 Be5 $6 {Hikaru plays a "safe" move, a decision surely
dictated by tournament priorities.} ({Otherwise, we could expect to see
something like} 18... Nd4 19. cxd6 ({The same idea works in the event of} 19.
Bg4 f3 $1) 19... cxd6 20. Nb5 Nxb5 21. Bxb5 f3 $1 22. g3 Bg4) 19. Nd2 $1 {
Gata realises where the danger is coming from and takes immediate
counter-measures.} Nd4 20. Nf3 (20. Nb5 $5 f3 21. Nxf3 Rxf3 22. Nxd4 Bxh2+ 23.
Kf1 Rf7 {is interesting, but you don't want to tempt fate by playing like this
against Hikaru Nakamura.}) 20... Nxf3+ 21. Bxf3 a6 {Closing the avenue
b5-c7-e6 for the white knight.} 22. Na4 {is still a choice for White here.} Bf5
23. cxd6 Bxd6 24. Nc5 Rb8 25. Ne6 Bxe6 26. dxe6 Qe7 ({I agree with Black's
decision to leave the bait alone, as} 26... Bxb4 27. Qb3 Qe7 (27... Be7 28.
Red1 Qe8 29. Rxc7 $18) 28. Rxc7 Qxc7 29. e7+ Kg7 30. Qxb4 Rfe8 31. h4 Rbc8 32.
Re6 {is very dangerous for Black.}) ({Unfortunately Black had no time for} 
26... c6 {on account of} 27. Qd3 Kg7 28. Rcd1 {winning.}) 27. Qd3 Kg7 28. b5 $1
axb5 29. Qxb5 Rf5 ({Better was} 29... c6 {to put up a barrier on the log
diagonal right away. Then} 30. Qb3 {could be answered by} Rf5) 30. Qb2+ Qf6 31.
Qd2 $1 {Now c7-c6 is being tampered with.} Rd8 ({I'm sure} 31... Re5 32. Rxe5
Qxe5 33. Re1 Qc5 {looked a bit shaky, but it was Black's best bet.}) 32. h3 $2
{Having so far played a near perfect game against a dangerous young rival,
Gata slips up and gives the game away.} (32. Bxb7 {was possible, and in all
likelihood would have won the game. After} f3 33. g3 {Black finds himself in a
situation where he has effectively burned his bridges and must find a tactical
solution that may not be there. The trickiest move is} c6 $1 {where White
should avoid} (33... Bxg3 {meets the resolute refutation,} 34. hxg3 Rxd2 35.
Rxc7+ Kf8 36. e7+) ({while} 33... Bf4 34. Qxd8 Qxd8 35. e7 {is equally
hopeless.}) 34. Bxc6 $2 {on account of} Bxg3) 32... h5 33. Rc4 (33. Bxb7 f3 {
is no longer clear:} 34. e7 (34. Qc3 Qxc3 35. Rxc3 Rxa5 36. Rxf3 Rf8 {and
Black should hold.}) 34... Bxe7 35. Qe3 Bd6 36. a6 fxg2 37. a7 Ra5 {White will
win the exchange but not the game.}) 33... Be7 34. Qc1 c6 35. a6 {This is a
logical way to break through, but White's winning chances disappear with the
a-pawn leaving the board.} bxa6 36. Rxc6 Re5 37. Rxa6 Rd6 {A narrow escape
from Nakamura.} 1/2-1/2

[Event "USA-ch"]
[Site "Saint Louis"]
[Date "2010.05.18"]
[Round "5"]
[White "Kamsky, Gata"]
[Black "Christiansen, Larry Mark"]
[Result "1-0"]
[WhiteElo "2702"]
[BlackElo "2578"]
[PlyCount "63"]
[EventDate "2010.05.14"]
[EventType "swiss"]
[EventRounds "9"]
[EventCountry "USA"]
[SourceTitle "CBM 137"]
[Source "ChessBase"]
[SourceDate "2010.07.15"]
[SourceVersion "1"]
[SourceVersionDate "2010.07.15"]
[SourceQuality "1"]

1. e4 e5 2. Nf3 Nc6 3. Bb5 Bc5 4. O-O Nd4 5. Ba4 Nxf3+ 6. Qxf3 Ne7 7. Qc3 Bd4
8. Qg3 Ng6 9. c3 Bb6 10. d4 O-O 11. f4 exf4 12. Bxf4 Nxf4 13. Qxf4 d6 14. Nd2
Be6 15. Kh1 c6 16. Nf3 h6 17. Bc2 Qd7 18. e5 dxe5 19. Nxe5 Qd6 20. Qg3 f5 21.
Rae1 Bc7 22. Qh3 f4 23. Qd3 Bf5 24. Bb3+ Kh7 25. Qd2 g5 26. g4 Bc8 27. Qd3+ Kg7
28. Bc2 Rh8 29. Ng6 Bxg4 30. Re7+ Kf6 31. Rxc7 Rhg8 32. Ne5 1-0

[Event "USA-ch Quads"]
[Site "Saint Louis"]
[Date "2010.05.23"]
[Round "2"]
[White "Kamsky, Gata"]
[Black "Onischuk, Alexander"]
[Result "1-0"]
[WhiteElo "2702"]
[BlackElo "2699"]
[Annotator "Yermolinsky,A"]
[PlyCount "118"]
[EventDate "2010.05.22"]
[EventType "tourn"]
[EventRounds "3"]
[EventCountry "USA"]
[EventCategory "18"]
[SourceTitle "CBM 137"]
[Source "ChessBase"]
[SourceDate "2010.07.15"]
[SourceVersion "1"]
[SourceVersionDate "2010.07.15"]
[SourceQuality "1"]

{This year's US Championshionsip featured a new system. After the initial
seven rounds of a 24-player Swiss, the top four players would continue with a
small round-robin tournament to determine the champion. The idea was to shift
the games between the best players to the end of the event thus avoiding
somewhat anti-climatic mismatches in the last round or two. The downside was
that the short distance of the qualifying stage called for extreme caution. It
may have caused the best players, Nakamura, Kamsky and Onischuk, to hold their
horses until the final stage.} 1. e4 e5 2. Nf3 Nc6 3. Bb5 a6 4. Bxc6 {
Alexander Onischuk is always well-prepared theoretically. He can play many
different systems on the black side of the Ruy, so Gata's decision to steer
the game in a different direction is perfectly understandable.} dxc6 5. O-O f6
6. d4 exd4 7. Nxd4 c5 8. Ne2 Qxd1 9. Rxd1 Bd7 10. Nbc3 O-O-O 11. Be3 b6 12. a4
{This move may not be a novelty, but previously White was gving a higher
priority to doubling up on the d-file.} ({It's not like White was getting a
whole lot out of this. Here are a couple of snippets as follows:} 12. Rd2 Re8 (
12... Ne7 13. Rad1 Nc6 14. Bf4 Ne5 15. Bxe5 fxe5 16. Ng3 Be7 17. Nf5 Bg5 {
Draw agreed. Vaulin-Jakovenko, Russian Cup, Tomsk, 1998.}) 13. Rad1 Bc6 14. Nf4
Nh6 15. Nfd5 Ng4 16. Bf4 Ne5 17. Ne3 g6 18. f3 Bg7 19. Kf2 h5 {and Black has
obtained a good game in Ristic-Korneev, Leonardo Di Bona, 2009.}) 12... Re8 ({
It is interesting that Alex ignores the chance to play} 12... a5 {He must have
thought it's unnecessary.}) 13. a5 {Gata wants to soften up the c5-pawn.} b5
14. f3 f5 {Usually Black has to sweat a little to get this one in. On the
other hand, White wants the e4-square for his knights.} 15. Ng3 Nf6 16. Bg5
fxe4 17. Bxf6 gxf6 18. Ncxe4 Be7 {The shape of the upcoming struggle has been
determined: knights vs. bishops.} 19. Rd5 Be6 20. Rh5 {The first important
junction.} ({Gata disregarded a possibility to sac the exchange,} 20. Rxc5
Bxc5+ ({The alternative,} 20... f5 21. Rxf5 Bxf5 22. Nxf5 Bf8 23. g4 Re5 24.
Kg2 h5 25. h3 {seems inferior, as the knights are really dominating the board.}
) 21. Nxc5 Bf7 22. Nxa6 {The thing is, despite its pretty appearance White's
position isn't entirely safe. Black then would seek activity for his rooks,}
Rd8 $1 23. b4 {seems logical,} ({What else?} 23. Ne4 f5 24. Nec5 {misplaces
the knights and after} Rd2 25. Nb4 Re8 26. a6 Ree2 {Black gets to his target
first;}) ({while} 23. Nc5 Rd2 24. a6 {is answered by} Kb8) 23... Rd2 24. c3
Rhd8 25. Nc5 {and here Black finds a new target:} Rc2) 20... Bf7 21. Rf5 Bg6
22. Rf4 ({Taking a draw after} 22. Rd5 Bf7 {is never an option for a player
who aims for the heights!}) 22... c4 23. c3 ({Opening it up for the black
bishops,} 23. Nxf6 Rhf8 24. Nxe8 Rxf4 25. Ng7 Bxc2 {would be suicidal.}) 23...
Rhf8 24. Nf5 {White's gains are illusory. Note that the seemingly passive Bd8
may soon train its sights on the a5-pawn.} Bd8 25. g4 Re5 26. Kf2 Bxf5 {
As was pointed out by a wise man a long time ago, the advantage of the bishop
pair is that you can exchange one when needed. Here Alex doesn't hesitate to
do so.} 27. gxf5 Rg8 28. Rh4 Rxf5 29. Rd1 $1 {A great concept from GM Kamsky.
White controls the d-file and keeps on eyeing the d6-square to discourage
Black from playing ...c7-c6. Being down a pawn is annoying, but this is the
right play nonetheless.} (29. Rxh7 Rd5 {followed by ...c7-c6 and/or ...f6-f5
wasn't to Gata's liking.}) 29... Rg7 30. Ng3 Rc5 31. Rhd4 Be7 32. f4 Bd6 $6 {
Alex was really going for a win here.} ({Rejecting} 32... b4 33. cxb4 Rb5 34.
Rxc4 Bxb4 {as insufficient (although Black is going to be a pawn up soon) was
a telling sign.}) 33. Kf3 Kb7 34. R1d2 ({It's impossible to tell why Gata
didn't play the obvious} 34. Ne4 Rh5 35. Nxd6+ cxd6 36. Rxd6 {pretty much
assuring himself of a draw.}) 34... f5 $6 35. Rd5 Rf7 36. Rxc5 Bxc5 37. Rd5 Kc6
38. Re5 $2 {More errors induced by time trouble.} (38. Rxf5 Rxf5 39. Nxf5 Kd5
40. h4 {No risk here, and White can try to play this one for a win.}) 38... Rd7
39. Rxf5 Rd3+ 40. Kg4 Bd6 ({Naturally, not} 40... Rd2 $4 41. Rxc5+) 41. Ne4 Re3
42. Nxd6 cxd6 43. Rf7 Re2 (43... b4 44. cxb4 Re2 45. Ra7 Rxb2 46. Rxa6+ Kd7 {
This sharp endgame should boil down to a a draw.}) 44. Ra7 Rxb2 ({Another
option was} 44... Rxh2 45. Rxa6+ Kc5 (45... Kd5 46. Ra8 Rxb2 47. a6 Ra2 48. Kg5
{leads Black into difficulties.}) 46. Ra8 Rxb2 47. a6 Kb6 48. f5 Rf2 49. Kg5 {
and now a typical defensive method of giving checks,} Rg2+ 50. Kf6 Rg3 51. Ke6
Rxc3 52. f6 Re3+ 53. Kxd6 Rf3 {is enough to hold a draw.}) 45. Rxa6+ Kd5 {
Surprisiingly Alex begins to go astray.} ({Instead,} 45... Kc5 46. Ra8 b4 47.
cxb4+ Rxb4 48. a6 Ra4 49. f5 c3+ 50. Kg3 Kd5 51. Rc8 Rxa6 52. Rxc3 Ke5 $11 {
would have been a fair end of the game.}) 46. Rb6 b4 $2 {This is a real error.}
(46... Ke4 $142 47. a6 Rg2+ 48. Kh3 Ra2 (48... Rc2 49. f5 $1) 49. Kg3 d5 $11)
47. cxb4 c3 48. b5 {After the game Onischuk admitted missing that one.} Kc5 ({
The more stubborn} 48... c2 49. Rc6 Rxb5 50. Rxc2 Rxa5 51. Re2 Ra4 52. Kf5 {
is no picnic either.}) 49. Rc6+ Kxb5 50. Rxc3 Rxh2 51. f5 {Just like that, the
ending is won for White, and Alex finds himself eliminated from contention for
the title.} h5+ 52. Kg3 Rh1 53. f6 Rg1+ 54. Kf4 Rg8 55. Ra3 h4 56. a6 Ra8 57.
a7 h3 58. Kg3 Kc6 59. f7 Kb7 1-0

[Event "Baku op"]
[Site "Baku"]
[Date "2010.08.23"]
[Round "1"]
[White "Kamsky, Gata"]
[Black "Abdullayev, Elshad"]
[Result "1-0"]
[WhiteElo "2713"]
[BlackElo "2082"]
[PlyCount "77"]
[EventDate "2010.08.23"]
[EventType "swiss"]
[EventRounds "9"]
[EventCountry "AZE"]
[SourceTitle "CBM 138 Extra"]
[Source "ChessBase"]
[SourceDate "2010.10.29"]
[SourceVersion "1"]
[SourceVersionDate "2010.10.29"]
[SourceQuality "1"]

1. e4 d5 2. exd5 Nf6 3. d4 Nxd5 4. Nf3 g6 5. c4 Nb6 6. Nc3 Bg7 7. c5 Nd5 8. Bc4
Nxc3 9. bxc3 O-O 10. Qe2 Nd7 11. O-O c6 12. Re1 Bf6 13. Bh6 Qa5 14. Bxf8 Nxf8
15. Qe3 Be6 16. Bb3 Rd8 17. Rac1 Bd5 18. Ne5 Bxe5 19. Qxe5 Bxb3 20. axb3 Ne6
21. b4 Qa3 22. h4 h5 23. Qg3 Qb3 24. Re5 Kh7 25. Rce1 Rd5 26. Rxe6 fxe6 27.
Rxe6 Qb1+ 28. Kh2 Rd7 29. Qe5 Qc2 30. Rxe7+ Rxe7 31. Qxe7+ Kh8 32. Qd8+ Kh7 33.
Qc7+ Kh6 34. Qb8 Kh7 35. Qxb7+ Kh8 36. Qa8+ Kh7 37. Qxa7+ Kh8 38. Qa8+ Kh7 39.
Qxc6 1-0

[Event "Baku op"]
[Site "Baku"]
[Date "2010.08.25"]
[Round "3"]
[White "Kamsky, Gata"]
[Black "Yilmaz, Mustafa"]
[Result "1-0"]
[WhiteElo "2713"]
[BlackElo "2479"]
[PlyCount "113"]
[EventDate "2010.08.23"]
[EventType "swiss"]
[EventRounds "9"]
[EventCountry "AZE"]
[SourceTitle "CBM 138 Extra"]
[Source "ChessBase"]
[SourceDate "2010.10.29"]
[SourceVersion "1"]
[SourceVersionDate "2010.10.29"]
[SourceQuality "1"]

1. e4 c5 2. Nf3 d6 3. d4 cxd4 4. Nxd4 Nf6 5. Nc3 a6 6. Be3 e5 7. Nf3 Qc7 8. a4
Be7 9. Be2 O-O 10. O-O Be6 11. a5 h6 12. Nd5 Nxd5 13. exd5 Bf5 14. c4 Nd7 15.
b4 Bg6 16. Rc1 Rac8 17. Nd2 f5 18. f4 exf4 19. Bxf4 b6 20. Nb3 bxa5 21. c5 axb4
22. Kh1 Qa7 23. c6 Nf6 24. Ra1 Ne4 25. Bxa6 Nf2+ 26. Rxf2 Qxf2 27. Bxc8 Rxc8
28. Qe1 Qxe1+ 29. Rxe1 Bf8 30. h4 Bf7 31. Rd1 Ra8 32. Rd3 Kh7 33. Bd2 Kg6 34.
Bxb4 f4 35. c7 Rc8 36. Ba5 Kf5 37. Nd2 Be8 38. Rb3 Bd7 39. Nc4 Ke4 40. Rb4 Kd3
41. Nb2+ Kc2 42. Rb8 g5 43. Nc4 Kd3 44. Nb6 Rxc7 45. Nxd7 Rxd7 46. Rxf8 Ke4 47.
hxg5 hxg5 48. Rg8 f3 49. Re8+ Kxd5 50. gxf3 g4 51. f4 Ra7 52. Be1 Ra4 53. Bg3
Re4 54. Rg8 Re2 55. f5 Ke4 56. f6 Kf3 57. Bh4 1-0

[Event "Baku op"]
[Site "Baku"]
[Date "2010.08.26"]
[Round "4"]
[White "Shanava, Konstantine"]
[Black "Kamsky, Gata"]
[Result "0-1"]
[WhiteElo "2556"]
[BlackElo "2713"]
[PlyCount "128"]
[EventDate "2010.08.23"]
[EventType "swiss"]
[EventRounds "9"]
[EventCountry "AZE"]
[SourceTitle "CBM 138 Extra"]
[Source "ChessBase"]
[SourceDate "2010.10.29"]
[SourceVersion "1"]
[SourceVersionDate "2010.10.29"]
[SourceQuality "1"]

1. e4 e5 2. Nf3 Nc6 3. Bc4 Bc5 4. c3 Nf6 5. d3 a6 6. O-O Ba7 7. Bb3 h6 8. Nbd2
d6 9. Nc4 O-O 10. Ne3 Be6 11. Qe2 Re8 12. Bxe6 fxe6 13. Ne1 Rf8 14. Ng4 Nh7 15.
Be3 Bxe3 16. fxe3 Qh4 17. Nf2 Rf7 18. Nf3 Qe7 19. Nd2 Raf8 20. Ng4 h5 21. Rxf7
Rxf7 22. Nf2 g6 23. Rf1 Kg7 24. Nh3 Rxf1+ 25. Kxf1 Nb8 26. Nf2 Nd7 27. g3 Ndf6
28. h4 g5 29. hxg5 Nxg5 30. Nf3 Nxf3 31. Qxf3 Qf7 32. Ke2 Qg6 33. Kf1 b5 34. b4
Kf7 35. a3 Ke7 36. Ke1 c5 37. bxc5 dxc5 38. d4 c4 39. Kd2 Nd7 40. Nh3 Ke8 41.
Kc2 Kd8 42. Kb2 Kc7 43. Ka2 Kd8 44. Kb2 Ke7 45. Nf2 Qf7 46. Qxf7+ Kxf7 47. a4
Ke7 48. axb5 axb5 49. Ka3 Kd6 50. Kb4 Kc6 51. g4 hxg4 52. Nxg4 Kb6 53. Nxe5
Nxe5 54. dxe5 Kc6 55. Ka3 Kc5 56. Kb2 b4 57. cxb4+ Kxb4 58. Kc2 c3 59. Kc1 Kc5
60. Kb1 Kb5 61. Kc1 Kb4 62. Kc2 Kc4 63. Kc1 Kd3 64. Kd1 Kxe3 0-1

[Event "Baku op"]
[Site "Baku"]
[Date "2010.08.30"]
[Round "8"]
[White "Ibrahimov, Rasul"]
[Black "Kamsky, Gata"]
[Result "0-1"]
[WhiteElo "2534"]
[BlackElo "2713"]
[PlyCount "116"]
[EventDate "2010.08.23"]
[EventType "swiss"]
[EventRounds "9"]
[EventCountry "AZE"]
[SourceTitle "CBM 138 Extra"]
[Source "ChessBase"]
[SourceDate "2010.10.29"]
[SourceVersion "1"]
[SourceVersionDate "2010.10.29"]
[SourceQuality "1"]

1. Nf3 d5 2. d4 Nf6 3. c4 c6 4. Nc3 Qb6 5. e3 Bg4 6. h3 Bxf3 7. Qxf3 e6 8. Bd3
Nbd7 9. O-O Be7 10. b3 O-O 11. Bb2 a5 12. Qe2 Qa7 13. Rfd1 Rfe8 14. Rac1 Bf8
15. a4 Rad8 16. Qc2 g6 17. Bf1 Nb8 18. Be2 Na6 19. Bf1 Nb4 20. Qb1 Qb8 21. Be2
Qc7 22. Bf3 Qb8 23. Ne2 Rd7 24. Nf4 Bd6 25. Nd3 Nxd3 26. Qxd3 Qd8 27. Bc3 h5
28. h4 Qc7 29. Be1 Bf8 30. g3 Ra8 31. Kg2 Qd8 32. Bc3 Bg7 33. Rb1 Ne8 34. Qc2
Nd6 35. Be2 Rc8 36. c5 Nf5 37. Bd3 Nh6 38. b4 axb4 39. Rxb4 Qe7 40. Rdb1 Ra8
41. a5 Ng4 42. Rb6 Rc7 43. a6 bxa6 44. Rxa6 Rxa6 45. Bxa6 e5 46. Be2 exd4 47.
Bxd4 Bxd4 48. exd4 Nh6 49. Bd3 Qf6 50. Rb4 Ng4 51. Qe2 Ra7 52. Bb1 Kg7 53. Qf3
Qe7 54. Rb2 Ra4 55. Qd1 Rc4 56. Rd2 Rc3 57. Rd3 Rxd3 58. Bxd3 Qf6 0-1

[Event "Baku op"]
[Site "Baku"]
[Date "2010.08.31"]
[Round "9"]
[White "Savchenko, Boris"]
[Black "Kamsky, Gata"]
[Result "0-1"]
[WhiteElo "2623"]
[BlackElo "2713"]
[PlyCount "174"]
[EventDate "2010.08.23"]
[EventType "swiss"]
[EventRounds "9"]
[EventCountry "AZE"]
[SourceTitle "CBM 138 Extra"]
[Source "ChessBase"]
[SourceDate "2010.10.29"]
[SourceVersion "1"]
[SourceVersionDate "2010.10.29"]
[SourceQuality "1"]

1. Nf3 Nf6 2. c4 c6 3. e3 g6 4. b4 a5 5. b5 cxb5 6. cxb5 Bg7 7. d4 O-O 8. Bd3
d5 9. O-O Bg4 10. Nc3 Nbd7 11. h3 Bxf3 12. Qxf3 Nb6 13. Ba3 Re8 14. Rac1 e6 15.
Rc2 Rc8 16. Rfc1 Nfd7 17. Bf1 Bf8 18. Bxf8 Kxf8 19. Qd1 Qe7 20. Na4 Rxc2 21.
Qxc2 Nxa4 22. Qxa4 Qd8 23. b6 Nxb6 24. Qxa5 Nc8 25. Qc3 Nd6 26. a4 Qe7 27. Qb2
Ra8 28. Qb4 Rc8 29. Rc5 Rxc5 30. Qxc5 Ne4 31. Qc8+ Kg7 32. Bd3 Nd6 33. Qc5 Qd8
34. Kf1 b6 35. Qc6 Kf8 36. f3 Ke7 37. e4 dxe4 38. fxe4 f6 39. Ke2 e5 40. dxe5
fxe5 41. h4 Qd7 42. Qxb6 Qxa4 43. Qc5 Qa2+ 44. Ke3 Qe6 45. g4 h6 46. g5 hxg5
47. hxg5 Qh3+ 48. Kd2 Qg2+ 49. Kc3 Qxg5 50. Qc7+ Ke6 51. Bc4+ Nxc4 52. Qxc4+
Kf6 53. Qa6+ Kg7 54. Qa7+ Kh6 55. Kc4 Qd2 56. Qa1 Qd6 57. Qe1 Kh5 58. Qf2 Kg4
59. Kc3 Qc6+ 60. Kd3 Qd7+ 61. Kc3 Qc6+ 62. Kd3 Qa6+ 63. Kc3 Qa3+ 64. Kc4 Qf3
65. Qe1 Kf4 66. Kd5 Qd3+ 67. Ke6 Qc4+ 68. Kd6 Qxe4 69. Qh4+ Kf5 70. Qh3+ Kg5
71. Qg3+ Kf6 72. Qh2 Qd4+ 73. Kc6 Kg7 74. Qg3 Qc4+ 75. Kd7 Qf4 76. Qg2 e4 77.
Qb2+ Kh6 78. Ke7 e3 79. Qc1 Kg5 80. Qc6 Kh5 81. Ke6 e2 82. Qh1+ Kg5 83. Qe1
Qe4+ 84. Kf7 Kh5 85. Kg7 g5 86. Kf6 Qf4+ 87. Kg7 Qf1 0-1

[Event "Olympiad-39"]
[Site "Khanty-Mansiysk"]
[Date "2010.09.24"]
[Round "4.2"]
[White "Kamsky, Gata"]
[Black "Grischuk, Alexander"]
[Result "0-1"]
[WhiteElo "2705"]
[BlackElo "2760"]
[PlyCount "70"]
[EventDate "2010.09.21"]
[EventType "team-swiss"]
[EventRounds "11"]
[EventCountry "RUS"]
[SourceTitle "CBM 139"]
[Source "ChessBase"]
[SourceDate "2010.11.18"]
[SourceVersion "1"]
[SourceVersionDate "2010.11.18"]
[SourceQuality "1"]
[WhiteTeam "US of America"]
[BlackTeam "Russia"]
[WhiteTeamCountry "USA"]
[BlackTeamCountry "RUS"]

1. Nf3 c5 2. g3 g6 3. Bg2 Bg7 4. c4 Nc6 5. Nc3 d6 6. O-O e6 7. d3 Nge7 8. Bg5
h6 9. Bd2 b6 10. a3 Bb7 11. Rb1 Qd7 12. Qa4 Rd8 13. b4 Ba8 14. Rfd1 O-O 15. e3
g5 16. h4 g4 17. Ne1 Ng6 18. Nb5 f5 19. Bc3 e5 20. Bd5+ Kh8 21. Ng2 Nge7 22. e4
f4 23. Kh2 fxg3+ 24. fxg3 Rf3 25. bxc5 dxc5 26. Rf1 Bb7 27. Ba1 Rdf8 28. Rxf3
gxf3 29. Ne3 Bc8 30. g4 h5 31. Nxa7 Nxa7 32. Qxd7 Bxd7 33. Rxb6 Bxg4 34. Rb2
Nac6 35. Kg3 Nd4 0-1